| 000 | 00522cam a2200205ua 4500 | ||
|---|---|---|---|
| 020 | _c5.25 | ||
| 041 |
_amal _h |
||
| 082 |
_a630.301 _bKAA/MO |
||
| 100 | _aArthur, T Mosher . | ||
| 245 |
_aKaarshikabivridhi kaivarikkan / _cArthur T Mosher. _hTextual Documents |
||
| 250 |
_a1 / _b. |
||
| 260 |
_aThiruvananthapuram : _bState Instititute of Languages , _c1973. |
||
| 300 | _a136 ; . | ||
| 365 | _a5.25 | ||
| 504 | _a | ||
| 942 | _cBK | ||
| 999 |
_c9992 _d9992 |
||